মির্যা আসাদুল্লাহ খান গালিবের উর্দু গযল ও পত্রসাহিত্য : (Record no. 35865)
[ view plain ]
| 000 -LEADER | |
|---|---|
| fixed length control field | 02299ntm a2200301 4500 |
| 001 - CONTROL NUMBER | |
| control field | 35865 |
| 003 - CONTROL NUMBER IDENTIFIER | |
| rucl marc code | BD-RjUL |
| 005 - DATE AND TIME OF LATEST TRANSACTION | |
| control field | 20211209052407.0 |
| 008 - FIXED-LENGTH DATA ELEMENTS--GENERAL INFORMATION | |
| fixed length control field | 1406 s2012 bg a|||| mb|| 00| 0 ben d |
| 035 ## - SYSTEM CONTROL NUMBER | |
| System control number | (BD-RjUL)35961 |
| 040 ## - CATALOGING SOURCE | |
| Original cataloging agency | BD-RjUL |
| Language of cataloging | ben |
| Transcribing agency | BD-RjUL |
| Modifying agency | BD-RjUL |
| 041 ## - LANGUAGE CODE | |
| Language code of text/sound track or separate title | eng |
| 082 ## - DEWEY DECIMAL CLASSIFICATION NUMBER | |
| Edition number | 21 |
| Classification number | 891.439092 |
| Author mark and year | ISM 2012 |
| 100 ## - MAIN ENTRY--PERSONAL NAME | |
| Personal name | ইসলাম, মুহাম্মাদ শহীদুল. |
| 9 (RLIN) | 109231 |
| 245 ## - TITLE STATEMENT | |
| Title | মির্যা আসাদুল্লাহ খান গালিবের উর্দু গযল ও পত্রসাহিত্য : |
| Remainder of title | একটি পর্যালোচনা / |
| Statement of responsibility, etc. | মুহাম্মাদ শহীদুল ইসলাম ; |
| Linkage | প্রিন্সিপ্যাল সুপারভাইজার : মো. শামিম খান ; কো-সুপারভাইজার : মো. কামাল উদ্দিন. |
| 260 ## - PUBLICATION, DISTRIBUTION, ETC. (IMPRINT) | |
| Place of publication, distribution, etc. | রাজশাহী : |
| Name of publisher, distributor, etc. | ভাষা বিভাগ, রাজশাহী বিশ্ববিদ্যালয়, |
| Date of publication, distribution, etc. | ২০১২. |
| 300 ## - PHYSICAL DESCRIPTION | |
| Pagination | xi, ২৬০ পাতা: |
| Illustrations | চিত্র ; |
| Size | ২৯ সেমি. |
| 502 ## - DISSERTATION NOTE | |
| Dissertation note | থিসিস (পিএইচ. ডি.)--ভাষা বিভাগ, রাজশাহী বিশ্ববিদ্যালয়, ২০১২. |
| 504 ## - BIBLIOGRAPHY, ETC. NOTE | |
| Bibliography, etc | গ্রন্থপঞ্জি: পাতা [২৪৬]-২৫৫ |
| 600 10 - SUBJECT ADDED ENTRY--PERSONAL NAME | |
| Personal name | গালিব, মির্যা আসাদুল্লাহ খান, |
| Dates associated with a name | ১৭৯৭-১৮৬৯ |
| General subdivision | জীবনী |
| Personal name | Ghalib, Mirza Asadullah Khan, |
| Dates associated with a name | 1797-1869 |
| General subdivision | Biography |
| Personal name | গালিব, মির্যা আসাদুল্লাহ খান, |
| Dates associated with a name | ১৭৯৭-১৮৬৯ |
| General subdivision | ব্যাখা ও সমালোচনা |
| Personal name | Ghalib, Mirza Asadullah Khan, |
| Dates associated with a name | 1797-1869 |
| General subdivision | Interpretation and Criticism |
| 650 ## - SUBJECT ADDED ENTRY--TOPICAL TERM | |
| Topical term or geographic name as entry element | উর্দু সাহিত্য |
| Form subdivision | ইতিহাস ওসমালোচনা |
| 9 (RLIN) | 109266 |
| Topical term or geographic name as entry element | Urdu Literature |
| Form subdivision | History and Criticism |
| 9 (RLIN) | 109248 |
| 700 ## - ADDED ENTRY--PERSONAL NAME | |
| Personal name | খান, মো. শামিম, প্রিন্সিপ্যাল সুপারভাইজার ; উদ্দিন, মো. কামাল, কো-সুপারভাইজার. |
| 942 ## - ADDED ENTRY ELEMENTS (KOHA) | |
| Source of classification or shelving scheme | Dewey Decimal Classification |
| Koha item type | Theses |
| Lost status | Source of classification or shelving scheme | Damaged status | Not for loan | Collection code | Permanent Location | Current Location | Shelving location | Date acquired | Source of acquisition | Cost, normal purchase price | Total Checkouts | Full call number | Date last seen | Copy number | Koha item type |
|---|---|---|---|---|---|---|---|---|---|---|---|---|---|---|---|
| Dewey Decimal Classification | Not For Loan | Theses | Central Library, University of Rajshahi | Central Library, University of Rajshahi | Documentation Section | 27/10/2013 | Controller of Examination Office, University of Rajshahi, Rajshahi. | 0.00 | BTHE 891.439092 ISM 2012 | 10/06/2014 | C-1 | Theses |